000 00964cam a22003255i 4500
001 22839185
005 20250404153711.0
008 221024s2023 nju 000 0 eng
010 _a 2022948600
020 _a9780691237862
020 _a9780691237879
020 _z9780691237886
041 _aeng
042 _apcc
082 _a170 SIN
100 1 _aSinger, Peter,
245 1 0 _aEthics in the Real World : 90 Essay on Things that Matter
250 _aA fully updated and expanded edition.
260 _aNew Jersey
_bPrinceton Univ Press
_c2023
263 _a1111
264 1 _aPrinceton :
_bPrinceton University Press,
_c2023.
300 _a464;. pages 20 cm
336 _atext
_btxt
_2rdacontent
337 _aunmediated
_bn
_2rdamedia
338 _avolume
_bnc
_2rdacarrier
650 _aEthics
906 _a0
_bibc
_corignew
_d2
_eepcn
_f20
_gy-gencatlg
942 _cBK
999 _c43565
_d43565